Heroces / (Record no. 11666)
[ view plain ]
| 000 -LEADER | |
|---|---|
| fixed length control field | 00312cam a2200133ua 4500 |
| 041 ## - LANGUAGE CODE | |
| Language code of text/sound track or separate title | eng |
| 082 ## - DEWEY DECIMAL CLASSIFICATION NUMBER | |
| Classification number | 823.308 |
| Item number | |
| 100 ## - MAIN ENTRY--AUTHOR NAME | |
| Personal name | Kingsley, Charles . |
| 245 ## - TITLE STATEMENT | |
| Title | Heroces / |
| 260 ## - PUBLICATION, DISTRIBUTION, ETC. (IMPRINT) | |
| Place of publication | London : |
| Name of publisher | Deut sond , |
| Year of publication | 1963. |
| 300 ## - PHYSICAL DESCRIPTION | |
| Number of Pages | 225 ; . |
No items available.
